Cserkészek a vadonban

Bibliographic Details
Main Author: -balassa- (Author)
Format: Article
Language:Hungarian
Subjects:

MARC

LEADER 00000nab a2200000 a 4500
001 vtls000924716
003 SK-MaSNL
005 20260319073809.0
008 040720e19980819xo 0 hun
035 |a KE33593 
040 |a KEVKJB  |b slo  |c KEVKJB  |e AACR2 
041 1 |a hun 
044 |a xo  |c SK 
080 |a 379.835  |2 1981 
100 0 |a -balassa-  |4 aut  |9 894772 
245 1 0 |a Cserkészek a vadonban 
650 0 7 |a skauti  |2 KEVKJB  |9 30558 
650 0 7 |a prázdninové tábory  |2 KEVKJB  |9 71360 
650 0 7 |a skautské tábory  |2 KEVKJB  |9 79859 
651 7 |a Košice (Slovensko)  |2 KEVKJB  |9 18694 
651 7 |a Slanská Huta (Slovensko)  |2 KEVKJB  |9 31251 
773 0 8 |t Szabad Újság  |g Roč. 6  |g Roč. 28, č.33, 19.8.1998, s. 9 
852 |a ZVYKNI  |b KIS3GCP 
999 |c 1670613  |d 1672543